[Event "Lidums Checkmate Op"]
[Site "Adelaide"]
[Date "2007.07.08"]
[Round "6.4"]
[White "Chow, Samuel"]
[Black "Stojic, Dusan"]
[Result "1-0"]
[Annotator "Fritz 10"]
[BlackElo "2169"]
[EventCountry "AUS"]
[EventDate "2007.07.07"]
[EventRounds "7"]
[EventType "swiss"]
[PlyCount "69"]
[WhiteElo "2297"]

{ A45: Trompowsky Attack } 1. d4 Nf6 2. Bg5 c5 3. Bxf6 gxf6 4. d5 Qb6 5. Qc1 f5
6. g3 Bg7 7. c3 d6 8. Nd2 Nd7 9. Nh3 Nf6 10. Bg2 e6 $146 ( 10... Qa6 11. Nf4
Bd7 12. O-O e5 13. dxe6 fxe6 14. c4 h5 15. e4 fxe4 16. Nxe4 Nxe4 17. Bxe4 O-O-O
18. Qc2 h4 19. Ng6 hxg3 20. fxg3 Bd4+ 21. Kg2 Rh6 22. Rf7 d5 23. cxd5 exd5 24.
Bf5 Kb8 25. Nf4 { Peredy,F  ( 2332 ) -Colovic,A  ( 2460 ) /Balaguer 2005/CBM
107 ext/1-0  ( 50 )}  )( 10... Bd7 11. Qc2 Qa6 12. O-O O-O 13. e4 fxe4 14. Nxe4
Nxd5 15. Nhg5 Bf5 16. Rad1 e6 17. Rxd5 exd5 18. Nf6+ Bxf6 19. Qxf5 Bxg5 20.
Qxg5+ Kh8 21. Qf6+ Kg8 22. Rd1 Rae8 23. Bf1 Qc6 24. Qg5+ Kh8 25. Qf6+ {
Akopian,V  ( 2660 ) -Hernandez,G  ( 2560 ) /Merida 2000/CBM 078/1/2-1/2}  )(
10... O-O 11. O-O Bd7 ( 11... e5 12. e3 Bd7 13. Qc2 Qd8 14. a4 Qe7 15. c4 b6
16. f3 Bh6 17. Rfe1 Kh8 18. Nf2 Rg8 19. Nf1 Rab8 20. Kh1 a6 21. Bh3 Rg5 22. f4
Rh5 23. Bg2 e4 24. Nd2 Bg7 { 1/2-1/2 El Kher,H  ( 2374 ) -Brondum,E  ( 2230 )
/Copenhagen 2000/CBM 077 ext}  )12. Qc2 Rae8 13. Rad1 Qc7 14. Nc4 b5 15. Ne3 e6
16. Rd2 Bh6 17. f4 c4 18. Rf3 Qc5 19. Kh1 Ng4 20. Nd1 e5 21. Nhf2 Nf6 22. b4
Qb6 23. fxe5 dxe5 24. e4 Bxd2 25. Qxd2 { Peng,D  ( 2170 ) -Divljan,I  ( 2319 )
/Toronto 2006/CBM 113 ext/0-1  ( 33 )}  )11. dxe6 fxe6 12. e4 ( 12. Nc4 $5 Qa6
13. Qf4 $15 )12... fxe4 13. Nxe4 O-O ( 13... Nxe4 14. Bxe4 d5 15. Bg2 $17 )14.
O-O ( 14. Qc2 d5 15. Nxf6+ Bxf6 $11 )14... e5 ( 14... Nxe4 $5 $142 15. Bxe4 d5
$17 )15. Nhg5 $11 Bf5 ( 15... Bh6 16. Qd2 Kh8 17. Nxf6 Rxf6 18. Nf7+ Rxf7 19.
Qxh6 $11 )16. Nxf6+ $14 Bxf6 17. Bd5+ Kg7 18. Ne6+ Bxe6 19. Bxe6 { Opposite
coloured bishops appeared}  19... Qc6 { White king safety dropped}  20. Qd1
Rab8 21. Qg4+ Kh8 22. Rad1 Rbd8 23. Rd5 ( 23. Bd5 Qb6 $14 )23... Qe8 ( 23...
Bg7 24. Rfd1 Qc7 25. Qh5 $14 )24. Rfd1 $14 Be7 25. R5d2 Qg6 26. Qh3 Bg5 { Black
threatens to win material: Bg5xd2}  27. Re2 ( { Inferior is } 27. Rxd6 Rxd6 28.
Rxd6 Qc2 $17 )27... Rf3 $2 ( 27... b5 $5 $11 $142 { and Black could well hope
to play on} )28. Bd5 $16 Rd3 $4 { Black crumbles in face of a dire situation} 
( 28... Rf6 $142 29. Bxb7 Rdf8 $16 )29. Rxd3 $18 Qxd3 ( 29... h6 { doesn't
change the outcome of the game}  30. Rf3 $18 )30. Be4 Qd1+ 31. Kg2 h6 32. Qf5
Kg7 33. Qh7+ Kf6 34. Qg6+ Ke7 35. Bf3 ( 35. Bf3 Rd7 36. Qg8 $18 )( 35. Qg7+ Ke6
36. Bf5+ Kxf5 37. Qf7+ Bf6 38. g4+ Kf4 39. Qxf6+ Kxg4 40. Re4+ Kh5 41. Rh4# )
1-0

[Event "Lidums Checkmate Op"]
[Site "Adelaide"]
[Date "2007.07.08"]
[Round "6.5"]
[White "Srdic, Goran"]
[Black "Obst, James"]
[Result "0-1"]
[Annotator "Fritz 10"]
[BlackElo "2234"]
[EventCountry "AUS"]
[EventDate "2007.07.07"]
[EventRounds "7"]
[EventType "swiss"]
[PlyCount "68"]
[WhiteElo "2006"]

{ B80: Sicilian Scheveningen: 6 g3 and 6 Be3, including English Attack } 1. e4
c5 2. Nf3 d6 3. d4 cxd4 4. Nxd4 Nf6 5. Nc3 Nc6 6. Nxc6 bxc6 7. Bd3 e6 8. O-O
Be7 9. Kh1 ( 9. b3 O-O 10. Bb2 Nd7 11. Re1 Bf6 12. Qd2 Be5 13. Na4 Qf6 14. Bxe5
Nxe5 15. Bf1 Rd8 16. Rad1 Bb7 17. f4 Ng6 18. Qb4 Qe7 19. e5 c5 20. exd6 cxb4
21. dxe7 Nxe7 22. Nc5 Bc6 23. Na6 Nd5 { Kholmov,R  ( 2550 ) -Razuvaev,Y  ( 2490
) /Baku 1972/URS-ch/1/2-1/2  ( 65 )}  )( 9. Qe2 Qc7 10. b3 Bb7 11. Bb2 h5 12.
Nd1 g5 13. c4 c5 14. e5 Ng4 15. Be4 Bxe4 16. Qxe4 Rd8 17. Nc3 f5 18. Nb5 Qb6
19. Qe2 Nxe5 20. Bxe5 dxe5 21. Qxe5 Kf7 22. Rad1 a6 23. Qc7 Qb8 { Shmirina,E  (
2088 ) -Beyer,T  ( 1888 ) /Leutersdorf 2003/CBM 092 ext/1/2-1/2  ( 50 )}  )9...
d5 $146 ( 9... O-O 10. f4 e5 ( 10... Qc7 11. b3 Nd7 12. Qe1 Nc5 13. Bb2 Qd8 14.
Be2 Bb7 15. Qd2 Bf6 16. Qe3 Nd7 17. Rad1 d5 18. Qh3 g6 19. Ba3 Re8 20. e5 Be7
21. Bxe7 Qxe7 22. Na4 Nb6 23. Nb2 a5 24. a4 c5 { 1/2-1/2 Kristensen,B  ( 2465 )
-Sax,G  ( 2520 ) /Vejle 1994/CBM 040}  )11. f5 d5 12. Qe2 Qc7 13. Bd2 Bb7 14.
Rae1 Rfe8 15. Rf3 Rad8 16. Rh3 h6 17. Qf2 Bf8 18. Qh4 Qe7 19. Bg5 Qd6 20. Ne2
a6 21. Ng3 Rd7 22. c4 Qb4 23. Rf1 Nxe4 24. Bxe4 { Torok,J  ( 2250 )
-Puskas,Z/Hungary 1993/TD/1-0}  )( 9... O-O 10. f4 $11 )10. Bf4 O-O 11. Qf3 Nd7
12. e5 Nc5 { Black has a cramped position}  13. Rfe1 ( 13. Be2 Qb6 14. Qg3 Kh8
$11 ( 14... Qxb2 15. Bh6 g6 16. Bxf8 Kxf8 17. Rfc1 $14 ))13... Nxd3 14. cxd3 f5
( 14... Ba6 15. Rad1 $15 )15. Qh5 { Black king safety dropped}  ( 15. d4 Rb8
16. b3 c5 $11 )15... Rb8 16. Nd1 ( 16. b3 Rb4 17. Qf3 Ba6 $15 )16... Qe8 {
Black threatens to win material: Qe8xh5}  ( 16... Rb4 17. Qf3 $17 )17. Qh3 (
17. Qxe8 $5 Rxe8 18. d4 $17 )17... c5 18. b3 Rb4 19. g3 d4 20. Rf1 Bb7+ 21. Kg1
Bf3 22. Nb2 g5 23. Bd2 h5 { Black prepares g4}  24. Rfc1 g4 25. Qf1 Rb5 26. Nc4
Ba8 27. h4 Qc6 28. Kh2 $4 { a blunder in a bad position}  ( 28. f3 $19
$142)28... f4 29. gxf4 ( 29. Bxf4 { is one last hope}  29... Rxf4 $1 { sealing
the opponent's fate}  30. Nd2 $19 )29... Qf3 30. Nd6 Bxh4 31. Ne4 ( 31. Nxb5 $4
{ leads to death in 2}  31... g3+ 32. fxg3 Qxg3# )31... Bxe4 32. dxe4 Bxf2 33.
Qg2 g3+ 34. Kh1 Qg4 ( 34... Qg4 35. Qf1 Rxf4 36. Bxf4 Qf3+ 37. Qg2 Qxf4 38.
Qxg3+ Bxg3 39. Rc2 Qh4+ 40. Kg1 Rb7 41. Rg2 Rg7 42. a3 Bh2+ 43. Kf1 Qf4+ 44.
Ke2 Qxe4+ 45. Kf1 Rxg2 46. Ra2 Rg1+ 47. Kf2 Qe3# ) 0-1

[Event "Lidums Checkmate Op"]
[Site "Adelaide"]
[Date "2007.07.08"]
[Round "6.6"]
[White "Zvedeniouk, Ilya"]
[Black "Johansen, Darryl Keith"]
[Result "0-1"]
[Annotator "Fritz 10"]
[BlackElo "2445"]
[EventCountry "AUS"]
[EventDate "2007.07.07"]
[EventRounds "7"]
[EventType "swiss"]
[PlyCount "36"]
[WhiteElo "2123"]

{ B22: Sicilian: 2 c3 } 1. e4 c5 2. c3 b6 3. d4 Bb7 4. Bd3 Nf6 5. f3 d6 6. Ne2
g6 7. O-O Bg7 ( 7... Nbd7 8. Bg5 Bg7 9. Qd2 h6 10. Be3 Rc8 11. a4 a6 12. Na3
Kf8 13. Kh1 Kg8 14. Ng3 h5 15. Kg1 Rc7 16. Qe2 Qa8 17. h4 Ne8 18. f4 Nef6 19.
e5 Ng4 20. e6 Ndf6 21. exf7+ Kxf7 22. f5 { Tippleston,C  ( 2200 ) -Conquest,S 
( 2513 ) /Coventry 2005/CBM 105 ext/1/2-1/2  ( 41 )}  )8. Be3 O-O 9. Qd2 $146 (
9. Nd2 Nbd7 10. Rc1 Rc8 11. b4 Rc7 12. Qa4 Qc8 13. bxc5 bxc5 14. Qa5 Nb6 15.
dxc5 dxc5 16. Bb5 Nfd7 17. Rfd1 a6 18. Bxd7 Nxd7 19. Nc4 Bc6 20. Nf4 Rb7 21.
Qa3 Bh6 22. Na5 Rb5 23. Nd5 Bxe3+ { Vajda,L  ( 2440 ) -Iordachescu,V  ( 2520 )
/Bucharest 1998/CBM 064/1-0  ( 51 )}  )9... e5 ( 9... Nc6 10. Bh6 $14 )10. Na3
( 10. d5 $5 $16)10... exd4 $14 11. cxd4 Nc6 12. Nc2 ( 12. Rad1 d5 13. dxc5 dxe4
14. Bxe4 Nxe4 $11 )12... Re8 ( 12... d5 13. exd5 Nxd5 14. Bh6 $11 ( 14. dxc5
$143 Nxe3 15. Qxe3 bxc5 $17 ))13. Bg5 { White has an active position}  ( 13. d5
Ne5 14. Bb5 Re7 $16 )13... Qc7 ( 13... d5 14. e5 c4 15. exf6 ( 15. Bxf6 $6 Bxf6
16. Bxg6 hxg6 17. exf6 Qxf6 $11 )15... cxd3 16. fxg7 $16 )14. d5 { White
threatens to win material: d5xc6}  14... Ne5 15. Nc3 ( 15. Bb5 Rec8 16. Nc3 c4
$14 )15... Nxd3 $11 16. Qxd3 { Black has the pair of bishops}  16... Qc8 17.
Bf4 ( 17. Qd2 $11 $142 { would keep White alive} )17... Ba6 $17 18. Nb5 $2 (
18. Qd2 $142 Bxf1 19. Rxf1 $17 )18... c4 $19 ( 18... c4 19. Qd1 Bxb5 $19 ) 0-1

[Event "Lidums Checkmate Op"]
[Site "Adelaide"]
[Date "2007.07.08"]
[Round "6.7"]
[White "Chapman, Mark"]
[Black "Dragicevic, Domagoj"]
[Result "1-0"]
[Annotator "Fritz 10"]
[BlackElo "2087"]
[EventCountry "AUS"]
[EventDate "2007.07.07"]
[EventRounds "7"]
[EventType "swiss"]
[PlyCount "95"]
[WhiteElo "2444"]

{ B01: Scandinavian Defence } 1. e4 d5 2. exd5 Qxd5 3. Nc3 Qd6 4. d4 Nf6 5. g3
Bg4 6. Qd3 ( 6. Nf3 Nc6 7. Bg2 O-O-O 8. h3 Bh5 9. O-O e5 10. g4 exd4 11. Nb5
Qc5 12. Nbxd4 Nxd4 13. Be3 Bg6 14. Nxd4 Qe5 15. g5 Nd5 16. Qf3 c6 17. Rfe1 Bd6
18. Qg4+ Rd7 19. Rad1 f5 20. Qf3 Re8 { Sveshnikov,E  ( 2507 ) -Yegiazarian,A  (
2537 ) /Stepanakert 2005/CBM 110/0-1  ( 53 )}  )6... Nc6 7. Be3 $146 ( 7. Nb5
Qd7 8. c3 a6 9. Na3 O-O-O 10. f3 Bf5 11. Qxf5 Qxf5 12. Bh3 Qxh3 13. Nxh3 e5 14.
Nc2 exd4 15. cxd4 Nxd4 16. Nxd4 Bb4+ 17. Kf2 Bc5 18. Kg2 Bxd4 19. Ng5 Bxb2 20.
Bxb2 Rd2+ 21. Kh3 Rxb2 { Pichler,A  ( 2072 ) -Bawart,M  ( 2334 ) /Vienna
2006/CBM 113 ext/0-1  ( 46 )}  )( 7. Bf4 Qxd4 8. Bxc7 e5 9. f3 Be6 10. f4 Nd5
11. f5 Qxd3 12. Bxd3 Nxc3 13. fxe6 Nd5 14. exf7+ Ke7 15. Bxe5 Nxe5 16. Be4 Nf6
17. Bg2 Rd8 18. Nh3 Kxf7 19. O-O Bc5+ 20. Kh1 Rhe8 21. Bxb7 Rd2 { Hadzidakis,M 
( 2271 ) -Tzermiadianos,A  ( 2447 ) /Ermioni Argolidas 2005/CBM 107 ext/0-1  (
54 )}  )( 7. Nb5 Qe6+ 8. Be3 O-O-O $17 )7... O-O-O 8. f3 Bh5 { White has an
active position}  ( 8... Qe6 9. fxg4 Nb4 $11 )9. O-O-O $15 Bg6 { Black
threatens to win material: Bg6xd3}  10. Qc4 e6 { Controls d5}  11. a3 { Covers
b4}  11... a6 { Consolidates b5}  12. Qa4 Nd5 13. Nxd5 Qxd5 14. Bc4 { White
threatens to win material: Bc4xd5}  14... Qa5 { Black threatens to win
material: Qa5xa4}  15. Qb3 ( 15. Qxa5 Nxa5 16. Ba2 Bd6 $11 )15... Bd6 $15 16.
Be2 Nb8 ( 16... Rhe8 $5 $15 $142 { would allow Black to play on} )17. Nh3 $14
c5 ( 17... Qd5 18. c4 Qh5 19. Nf4 Bxf4 20. Bxf4 $14 ( 20. gxf4 $143 Nc6 $15
))18. dxc5 $16 Bxc5 19. Qc4 Nd7 $2 ( 19... Rd7 $5 $142 20. Qxc5+ Qxc5 21. Bxc5
Rc7 $14 )20. Rxd7 $1 $18 { Remove defender: d7}  20... Rxd7 ( 20... Kxd7 21.
Qxc5 { Remove defender}  )( 20... Rxd7 21. Qxc5+ { Remove defender}  )21. Qxc5+
( 21. Bxc5 $2 Qd2+ 22. Kb1 b5 $19 )21... Qxc5 22. Bxc5 Rc7 ( 22... e5 23. Nf2
$18 )23. b4 e5 24. Rd1 Rc6 25. c4 Re8 26. Ng5 f5 27. Kb2 ( 27. Bd6 $5 { makes
it even easier for White}  27... h6 28. Nh3 Re6 $18 )27... h6 28. Nh3 Bh5 (
28... Bf7 29. Kc3 $18 )29. g4 fxg4 30. fxg4 Bg6 ( 30... Bf7 31. Rc1 $18 )31.
Be3 Rf8 32. Nf2 e4 ( 32... b6 33. Rd5 Re6 34. Kc3 $18 )33. Rd4 Rcf6 34. Nd1 (
34. Nxe4 $6 { is much weaker}  34... Re6 35. Bd3 Rf3 $18 )34... Kc7 ( 34... Rd8
{ doesn't get the bull off the ice}  35. g5 Rf7 36. Rxd8+ Kxd8 37. gxh6 gxh6
38. Bxh6 $18 )35. Nc3 Rd6 ( 35... Kc8 { does not improve anything}  36. Nd5 (
36. Nxe4 $6 { is no comparison}  36... Re6 $16 )36... R6f7 37. Bf4 Rxf4 38.
Ne7+ Kb8 39. Nxg6 $18 )36. Nd5+ ( 36. Rxd6 $142 { secures the point}  36...
Kxd6 37. Bc5+ Ke6 38. Bxf8 $18 )36... Kd8 37. Nf4 Rxd4 38. Ne6+ ( 38. Nxg6 $6
Rf2 39. Kc3 Rxe2 40. Kxd4 Rxh2 41. Kxe4 h5 42. gxh5 Rxh5 $18 )38... Ke8 ( 38...
Ke7 { does not help much}  39. Nxf8 ( 39. Nxd4 $143 Ra8 $18 )39... Rd6 40. Bc5
$18 )39. Bxd4 ( { Inferior is } 39. Nxd4 Kd7 $18 )39... Rf7 40. Nxg7+ Kf8 (
40... Ke7 { doesn't change the outcome of the game}  41. Kc3 $18 )41. Ne6+ Ke7
42. Nc7 Kd6 43. Nd5 Rd7 44. Ne3 ( 44. h4 { might be the shorter path}  44...
Ke6 $18 )44... Rf7 ( 44... Kc6 { doesn't improve anything}  45. Kc3 $18 )45.
Kc3 ( 45. c5+ { and White can already relax}  45... Ke7 $18 )45... Kd7 ( 45...
Ke6 { doesn't get the cat off the tree}  46. Nd5 $18 )46. Nf5 $1 { and the rest
is history}  46... h5 ( 46... Bxf5 47. gxf5 { Passed pawn}  )47. Nh4 Bh7 48. g5
( 48. g5 Rf4 49. Ng2 $18 ) 1-0

[Event "Lidums Checkmate Op"]
[Site "Adelaide"]
[Date "2007.07.08"]
[Round "6.8"]
[White "Nguyen, Giang"]
[Black "Sandler, Leonid"]
[Result "1-0"]
[Annotator "Fritz 10"]
[BlackElo "2345"]
[EventCountry "AUS"]
[EventDate "2007.07.07"]
[EventRounds "7"]
[EventType "swiss"]
[PlyCount "111"]
[WhiteElo "2097"]

{ B25: Closed Sicilian: 3 g3, lines without early Be3 } 1. e4 c5 2. Nc3 Nc6 3.
g3 g6 4. Bg2 Bg7 5. d3 d6 6. f4 e6 7. Nf3 Nge7 8. O-O O-O 9. Be3 Nd4 10. Rb1
Nec6 11. Qd2 $146 ( 11. Kh1 Rb8 12. Ne2 b5 13. c3 Nxe2 14. Qxe2 b4 15. e5 Ba6
16. c4 Qd7 17. Rfd1 f6 18. exd6 Qxd6 19. Qf2 Qc7 20. Bxc5 Rfe8 21. b3 Rbc8 22.
Be3 Bb7 23. d4 Ne7 24. g4 a5 25. Ne1 a4 { Seidemann,U  ( 1975 ) -Beltz,M  (
2070 ) /Eilenburg 1984/MCD/0-1  ( 60 )}  )( 11. Ne1 Rb8 12. Qd2 b5 13. Nd1 b4
14. Rc1 Qb6 15. c3 Nb5 16. Nf3 a5 17. Nh4 f5 18. Qf2 Rd8 19. Nf3 Bb7 20. Ng5
Nc7 21. Re1 Re8 22. Bf1 Ba6 23. Nf3 Bf8 24. Rc2 Rbd8 25. h4 Be7 {
Pedersen,T-Svanholm,B  ( 2052 ) /Copenhagen 2004/CBM 101 ext/1/2-1/2  ( 35 )} 
)( 11. g4 f5 12. gxf5 exf5 13. Nd5 Nxf3+ 14. Bxf3 Be6 15. Qd2 Qd7 16. a3 Rae8
17. c3 b6 18. Kh1 Kh8 19. b4 Ne7 20. bxc5 dxc5 21. c4 fxe4 22. dxe4 Nc6 23. Bg2
Nd4 24. e5 Nf5 25. Bf2 Rd8 { Plachetka,J  ( 2460 ) -Polasek,J  ( 2355 ) /Prague
1992/TD/1-0  ( 45 )}  )( 11. Ne2 Nxf3+ 12. Bxf3 Qa5 $11 )11... Qa5 $11 12. a3 {
Prevents intrusion on b4}  12... Bd7 13. Kh1 ( 13. g4 Kh8 $11 )13... Nxf3 (
13... f5 14. h3 $15 )14. Bxf3 $11 Nd4 15. Bg2 Rac8 16. e5 dxe5 17. Bxb7 ( 17.
fxe5 $5 Bxe5 18. Bh6 $11 )17... exf4 $15 18. Bxf4 Bc6+ 19. Bxc6 Rxc6 20. Qg2
Rfc8 21. Ne4 { Manoeuvre Nc3-e4-d2-c4}  21... e5 22. Bg5 ( 22. Be3 c4 23. dxc4
f5 $11 )22... f5 23. Nd2 h6 { Black threatens to win material: h6xg5}  24. Nc4
{ A sound move}  24... Qc7 25. Be3 Kh7 ( 25... Re6 26. c3 Nb5 27. Kg1 $11 )26.
Rf2 ( 26. Rbe1 Rd8 $11 )26... Re6 27. c3 ( 27. g4 f4 28. Bxd4 cxd4 $11 )27...
Nb5 ( 27... Nb3 28. Re1 Qd7 29. Nd2 Nxd2 30. Rxd2 $17 )28. a4 { White threatens
to win material: a4xb5}  28... Nd6 29. Qd5 { Attacking the isolated pawn on c5}
 ( 29. Rd2 Re7 $15 )29... Nxc4 $17 30. Qxc4 Rd6 ( 30... Qc6+ 31. Kg1 e4 32. d4
cxd4 33. Qxc6 Rcxc6 34. cxd4 $17 )31. Rd1 $15 Qc6+ 32. Kg1 Rd5 { White king
safety improved}  33. Rfd2 Qd7 34. a5 ( 34. Qb5 Bf6 $15 )34... g5 ( 34... Bf6
35. Qa6 Be7 36. Qc4 $15 )35. h4 { White threatens to win material: h4xg5}  (
35. a6 g4 $15 )35... f4 { Black threatens to win material: f4xe3}  36. Qe4+ (
36. Bf2 gxh4 37. gxh4 Kh8 $15 )36... Kg8 37. Bf2 a6 38. hxg5 hxg5 39. Qg6 c4 (
39... Rc6 $5 40. Qe4 Rdd6 $15 )40. Qxa6 ( { Not } 40. Qxg5 e4 41. Qxf4 exd3 $15
)40... e4 $4 { forfeits the advantage.}  ( 40... fxg3 41. Bxg3 Rc6 42. Qa8+ Rc8
43. Qa6 $11 )41. dxc4 $4 { with this move White loses his initiative}  ( 41.
dxe4 $142 { would have given White the upper hand}  41... Rxd2 42. Rxd2 $18
)41... Rxd2 $11 42. Rxd2 { White has new passed pawns: b2+c4. Black has a new
passed pawn: e4}  42... Qh3 ( 42... Qg4 $142 43. Qb7 e3 44. Qd5+ Kf8 45. Qd6+
Kg8 46. Qd5+ Kf8 47. Qd6+ Kg8 48. Qd5+ $11 )43. gxf4 $4 { throwing away the
advantage}  ( 43. Qd6 $5 $142 e3 44. Qd5+ Kf8 45. Bxe3 Qxg3+ 46. Kh1 Qh3+ 47.
Rh2 Qxe3 48. Qf5+ Ke7 49. Qxc8 Qc1+ 50. Kg2 Qxb2+ 51. Kg1 Qb1+ 52. Kg2 Qb2+ 53.
Kh1 Qb1+ 54. Kg2 Qb2+ $11 )43... Qg4+ { Black forks: f4+g1}  ( 43... e3 $5 $142
44. Qd6 exd2 ( 44... exf2+ $6 45. Rxf2 Qg3+ 46. Kf1 Qh3+ 47. Kg1 Qg3+ 48. Kf1
Qh3+ 49. Kg1 $11 )45. Qxd2 gxf4 46. Qd5+ Kh7 47. Qe4+ Kh8 $17 )44. Kf1 $11 gxf4
45. Qd6 Qh3+ 46. Kg1 ( 46. Ke2 Qh5+ 47. Kf1 Qh3+ 48. Ke2 Qf3+ 49. Kf1 Kh8 $11
)46... Qg4+ $4 { stumbles just before the finish line}  ( 46... e3 47. Qd5+ Kh7
48. Qe4+ Kh8 49. Bxe3 Qg3+ 50. Kf1 fxe3 51. Qh1+ Kg8 52. Qd5+ Kh8 53. Qh1+ Kg8
54. Qd5+ Kh8 55. Qh1+ $11 )47. Kf1 $11 { Twofold repetition}  47... Rf8 $4 {
Black lets it slip away}  ( 47... Qh3+ $142 { the rescuing straw}  48. Kg1 e3
49. Qd5+ Kh8 50. Bxe3 Qxe3+ 51. Kf1 Qh3+ 52. Qg2 Qe6 $11 )48. Qd5+ $18 Kh8 (
48... Rf7 { is not much help}  49. Qa8+ Bf8 50. Qxe4 $18 )49. Bc5 ( 49. Bd4
$142 { keeps an even firmer grip}  49... Qh3+ 50. Kg1 $18 )49... Rf6 ( 49...
Qh3+ { is still a small chance}  50. Kg1 Rg8 $18 )50. Rh2+ Rh6 51. Rxh6+ Bxh6
52. Bd4+ Bg7 53. Bxg7+ ( 53. Qa8+ $142 { nails it down}  53... Kh7 54. Qxe4+
Kg8 $18 )53... Kxg7 54. Qe5+ ( 54. Qxe4 { seems even better}  54... Qd1+ 55.
Kf2 Qb3 56. Qd4+ Kh7 $18 )54... Kg8 ( 54... Kf7 { doesn't do any good}  55.
Qxe4 Qh3+ 56. Ke2 Qh2+ 57. Kd1 Qxb2 58. Qxf4+ Kg8 59. Qg5+ Kf7 60. Qd5+ Kg7 61.
Qd7+ Kg8 62. Qc8+ Kg7 $18 )55. Qd5+ ( 55. Qxe4 Kf7 56. a6 Qd1+ 57. Kf2 Qd2+ 58.
Kf3 Qd1+ 59. Kxf4 Qd6+ 60. Kg5 Qf6+ 61. Kh5 Qxa6 62. Qh7+ Kf8 63. Qh6+ Qxh6+
64. Kxh6 $18 )55... Kg7 $11 56. Qxe4 { Following moves Cannot be read.. . . .
.}  ( 56. Qxe4 Kf7 57. a6 Qd1+ 58. Kf2 Qd2+ 59. Qe2 $18 ) 1-0

[Event "Lidums Checkmate Op"]
[Site "Adelaide"]
[Date "2007.07.08"]
[Round "6.9"]
[White "Sorokina, Anastasia"]
[Black "Hacche, David J"]
[Result "1/2-1/2"]
[Annotator "Fritz 10"]
[BlackElo "2036"]
[EventCountry "AUS"]
[EventDate "2007.07.07"]
[EventRounds "7"]
[EventType "swiss"]
[PlyCount "44"]
[WhiteElo "2201"]

{ B06: Modern Defence } 1. e4 g6 2. d4 Bg7 3. Nc3 a6 4. Be3 d6 5. Qd2 Nd7 6. Bc4
( 6. Rd1 b5 7. a4 b4 8. Nd5 a5 9. c4 e6 10. Nf4 Ngf6 11. f3 O-O 12. Nd3 Qe7 13.
Ne2 Ba6 14. b3 Bb7 15. g3 e5 16. d5 c6 17. dxc6 Bxc6 18. Bg2 Rfd8 19. O-O Ne8
20. f4 Nc5 { Blatny,P  ( 2512 ) -Bezold,M  ( 2508 ) /Pulvermuehle 2000/CBM
075/1/2-1/2  ( 75 )}  )6... e6 7. Nf3 $146 ( 7. a4 b6 8. Nge2 Bb7 9. O-O Ndf6
10. f3 h6 11. Nf4 Ne7 12. Nd3 g5 13. Nf2 Ng6 14. Rad1 Qe7 15. Rfe1 O-O 16. f4
gxf4 17. Bxf4 Nxf4 18. Qxf4 Nh7 19. Nh3 Kh8 20. Kh1 Rg8 21. Ne2 Raf8 {
Blazkova,P  ( 2214 ) -Zielinska,M  ( 2395 ) /Mallorca 2004/CBM 102 ext/0-1  (
79 )}  )( 7. Nge2 b5 8. Bb3 c5 9. a4 b4 10. Nd1 Ngf6 11. f3 O-O 12. Bf4 e5 13.
dxe5 dxe5 14. Bg5 a5 15. Ne3 Ba6 16. Bd5 Ra7 17. Ng4 Nb6 18. Nxe5 Nbxd5 19. Nc6
Qb6 20. Nxa7 Qxa7 21. exd5 Re8 { Rosenblum,P  ( 2044 ) -Dobosz,H  ( 2409 )
/Ditzingen 2006/CBM 112 ext/0-1  ( 35 )}  )7... h6 8. Rd1 Ne7 9. O-O { Black
has a cramped position. Black's piece can't move: c8}  9... b5 { Black
threatens to win material: b5xc4}  10. Bb3 Bb7 { Black is behind in
development.}  11. d5 { White wins space}  11... e5 12. Ne1 g5 ( 12... f5 13.
f3 $14 )13. g4 ( 13. Nd3 $5 $16 $142)13... Ng6 $11 14. Ne2 Nf6 15. f3 { Secures
e4+g4}  15... Nf4 16. Ng3 ( 16. h4 Nxe2+ 17. Qxe2 gxh4 $11 )16... Bc8 ( 16...
h5 17. Nf5 Bh6 18. Bxf4 gxf4 19. Qe2 $15 )17. h4 ( 17. Nf5 Rg8 $11 )17... gxh4
$15 18. Bxf4 exf4 19. Nf5 Bxf5 20. exf5 { Opposite coloured bishops appeared.} 
20... Nd7 21. Qxf4 ( 21. Nd3 Bd4+ 22. Kg2 h3+ 23. Kh1 Be3 $15 )21... Qg5 {
Black threatens to win material: Qg5xf4}  ( 21... Bxb2 22. Nd3 Bc3 23. Nf2 $17
)22. Nd3 $15 O-O  1/2-1/2

[Event "Lidums Checkmate Op"]
[Site "Adelaide"]
[Date "2007.07.08"]
[Round "6.10"]
[White "Saint, Andrew"]
[Black "Scott, Ronald"]
[Result "0-1"]
[Annotator "Fritz 10"]
[BlackElo "2172"]
[EventCountry "AUS"]
[EventDate "2007.07.07"]
[EventRounds "7"]
[EventType "swiss"]
[PlyCount "37"]
[WhiteElo "1934"]

{ A70: Modern Benoni: 6 e4 g6 7 Nf3 } 1. d4 Nf6 2. Nf3 c5 3. d5 e6 4. c4 exd5 5.
cxd5 d6 6. Nc3 g6 7. e4 Bg7 8. Bc4 ( 8. h3 a6 9. a4 Nbd7 10. Bd3 Nh5 11. O-O
Ne5 12. Be2 Nxf3+ 13. Bxf3 Qh4 14. Bxh5 gxh5 15. Qd3 Rg8 16. Kh1 Bd7 17. f4 c4
18. Qf3 Bd4 19. Be3 Rg3 20. Bxd4 Rxf3 21. Rxf3 O-O-O 22. f5 Re8 { Dziuba,M  (
2494 ) -Wojtaszek,R  ( 2606 ) /Warsaw 2005/CBM 110 ext/0-1  ( 34 )}  )8... O-O
9. O-O { White castles and improves king safety}  9... Re8 $146 ( 9... Bg4 10.
h3 ( 10. Qd3 Nbd7 11. a3 a6 12. Bf4 b5 13. Ba2 Re8 14. Nd2 Ne5 15. Bxe5 Rxe5
16. Rae1 Re7 17. f4 b4 18. axb4 cxb4 19. Ne2 Qb6+ 20. Kh1 Rae8 21. Ng3 h5 22.
f5 h4 23. fxg6 hxg3 24. gxf7+ Rxf7 { Bastion,G  ( 1720 ) -Asensio Lisan,T  (
2229 ) /Lyon 2005/CBM 105 ext/0-1}  )10... Bxf3 11. Qxf3 a6 12. a4 Nbd7 13. Qd1
Nb6 14. Be2 Re8 15. Qc2 Rb8 16. a5 Na8 17. Re1 Nc7 18. Bc4 b5 19. axb6 Rxb6 20.
Bf4 Rb4 21. b3 Nh5 22. Bh2 g5 23. e5 Nb5 24. Rxa6 {
Khalilbeili,S-Lomaja,T/Tbilisi 1957/MCD/1/2-1/2  ( 69 )}  )10. Re1 a6 {
Controls b5}  11. a4 { Black has a cramped position}  11... Bg4 12. h3 Bxf3 13.
Qxf3 { White has the pair of bishops}  13... Nbd7 14. Qe2 ( 14. Qd1 Rc8 $14
)14... Nh5 15. g4 Nhf6 16. Bf4 { White threatens to win material: Bf4xd6}  (
16. Bd3 Qa5 $14 )16... Ne5 $11 17. Bg3 ( 17. Bxe5 Rxe5 18. f4 Re8 $11 )17...
Qb6 { White has an active position}  ( 17... Nxc4 $5 18. Qxc4 Nd7 $11 )18. a5
$14 { White threatens to win material: a5xb6}  18... Qc7 19. Ra2 { Following
moves unknown.}   0-1